A Handbook for Christian counseling / (Record no. 305)
[ view plain ]
| 000 -LEADER | |
|---|---|
| fixed length control field | 00656cam a22002172 4500 |
| 001 - CONTROL NUMBER | |
| control field | 0000001119 |
| 005 - DATE AND TIME OF LATEST TRANSACTION | |
| control field | 20151021151051.0 |
| 008 - FIXED-LENGTH DATA ELEMENTS--GENERAL INFORMATION | |
| fixed length control field | 070226s xx 000 0 eng d |
| 020 ## - INTERNATIONAL STANDARD BOOK NUMBER | |
| International Standard Book Number | 9966855904 : |
| Terms of availability | KES 250 |
| 040 ## - CATALOGING SOURCE | |
| Original cataloging agency | KABU |
| Transcribing agency | KABU |
| 050 #0 - LIBRARY OF CONGRESS CALL NUMBER | |
| Classification number | BV4012.2 |
| Item number | .C43 |
| 100 1# - MAIN ENTRY--PERSONAL NAME | |
| Personal name | Chacha, John N. |
| -- | 0000149656 |
| 245 12 - TITLE STATEMENT | |
| Title | A Handbook for Christian counseling / |
| Statement of responsibility, etc. | John N. Chacha, Joan C. Bowers. |
| 260 ## - PUBLICATION, DISTRIBUTION, ETC. (IMPRINT) | |
| Place of publication, distribution, etc. | Nairobi : |
| Name of publisher, distributor, etc. | Uzima, |
| Date of publication, distribution, etc. | 2005. |
| 300 ## - PHYSICAL DESCRIPTION | |
| Extent | vii, 84 p. |
| 650 #0 - SUBJECT ADDED ENTRY--TOPICAL TERM | |
| Topical term or geographic name as entry element | Pastoral counseling. |
| -- | 0000149278 |
| 700 1# - ADDED ENTRY--PERSONAL NAME | |
| Personal name | Bowers, Joan C. |
| -- | 0000149657 |
| 908 ## - PUT COMMAND PARAMETER (RLIN) | |
| Put command parameter | 070226 |
| 950 ## - LOCAL HOLDINGS (RLIN) | |
| -- | 1 |
| Withdrawn status | Lost status | Source of classification or shelving scheme | Not for loan | Home library | Current library | Date acquired | Total Checkouts | Full call number | Barcode | Date last seen | Date last checked out | Price effective from | Koha item type | Shelving location |
|---|---|---|---|---|---|---|---|---|---|---|---|---|---|---|
| Library of Congress Classification | Kabarak, Nakuru City Campus | Kabarak, Main Campus | 21/10/2015 | 1 | BV4012.2 .C43 | 012768 | 16/05/2025 | 09/04/2025 | 21/10/2015 | General Collection | ||||
| Library of Congress Classification | Kabarak, Main Campus | Kabarak, Main Campus | 17/12/2015 | 4 | BV4012.2 .C43 | 012769 | 13/04/2017 | 07/04/2017 | 17/12/2015 | General Collection | ||||
| Library of Congress Classification | Kabarak, Main Campus | Kabarak, Main Campus | 17/12/2015 | BV4012.2 .C43 c. 1 | 021849 | 17/12/2015 | 17/12/2015 | Africana Collection | General Stacks |